Discurso del rector Claudio Elórtegui Raffo con motivo de la cuenta anual Claustro Pleno Ordinario 2018
Сохранить в:
| Главный автор: | |
|---|---|
| Формат: | |
| Язык: | испанский |
| Опубликовано: |
Valparaíso
Dirección General de Vinculación con el Medio
2018
|
| Редактирование: | 1a. ed |
| Предметы: | |
| Метки: |
Добавить метку
Нет меток, Требуется 1-ая метка записи!
|
MARC
| LEADER | 00000cam a2200000 a 4500 | ||
|---|---|---|---|
| 001 | UCC5723 | ||
| 003 | CL-VaPUC | ||
| 008 | 181026e20180000cl |||||||||||||||||spa|d | ||
| 082 | 0 | 4 | |a 378 |b ELO |2 21 |
| 100 | |a Elórtegui Raffo, Claudio Hipólito |e autor |9 746130 | ||
| 245 | 1 | 0 | |a Discurso del rector Claudio Elórtegui Raffo con motivo de la cuenta anual Claustro Pleno Ordinario 2018 |
| 250 | |a 1a. ed | ||
| 300 | |a 39 p | ||
| 942 | |c BK | ||
| 945 | |d 20181026 16:22:00 |a dcastane | ||
| 260 | |a Valparaíso |b Dirección General de Vinculación con el Medio |c 2018 | ||
| 650 | 7 | |a CLAUSTRO PLENO |2 CL-VaPUC |9 472556 | |
| 650 | 0 | |a Discursos académicos |9 472395 | |
| 583 | |a last modification |c 20181026 16:22:00 |k Rodrigo Vera | ||
| 999 | |c 372841 |d 372839 | ||
| 952 | |0 0 |1 0 |3 erb |4 0 |6 378_000000000000000_ELO_2018 |7 0 |8 X |9 490696 |a FDOBUD |b FDOBUD |i 550094K |o 378 ELO 2018 |p 550094K |r 2019-11-24 |w 2019-11-24 |y BK_X |z Catalogado en:20181026 |k FHP | ||